000 00624nam a2200205 i 4500
001 134401
003 ES-MaACL
005 20250718042049.0
007 t|
008 070910s1969 sp a |||| |dspa d
100 1 _aXirau, Joaquín,
_d1895-1946
_9117516
245 1 0 _aManuel B. Cossío y la educación en España /
_cJoaquín Xirau Palau.
250 _a2ª ed.
260 _aBarcelona :
_bAriel,
_c1969.
300 _a266 p. :
_bil. ;
_c22 cm.
600 1 4 _aCossío, Manuel B.,
_d1857-1935
_941019
650 0 4 _aEnseñanza-
_zEspaña-
_yS.XIX
_912286
852 _aES-MaACL
_jE-6502
999 _c134401
_d134401